Loading...
| Literature - European | 0 | 2 | 0 | 0 | 20 | 139 | 139.50 | 0 | 0 | 2.13 | 4.84 |
| Literature - American | 0 | 2 | 1 | 0 | 15 | 149 | 153.50 | 0 | 0 | 1.04 | 4.29 |
| Literature - World | 0 | 2 | 1 | 1 | 15 | 113 | 135.00 | 0 | 0 | 2.20 | 7.18 |
| Fine Arts - Classical Music and Opera | 0 | 1 | 0 | 0 | 10 | 128 | 128.00 | 0 | 0 | 1.54 | 4.14 |
| History - World | 0 | 1 | 0 | 0 | 10 | 142 | 142.00 | 0 | 1 | -0.05 | 1.28 |
| Mythology | 0 | 1 | 0 | 0 | 10 | 149 | 149.00 | 0 | 0 | 1.23 | 9.89 |
| Other Culture | 0 | 1 | 0 | 0 | 10 | 106 | 106.00 | 0 | 1 | 6.60 | 20.00 |
| Literature - British | 0 | 1 | 1 | 0 | 5 | 109 | 109.00 | 0 | 0 | 2.10 | 2.56 |
| Fine Arts - Painting and Sculpture | 1 | 0 | 2 | 0 | 5 | 77 | 77.00 | 0 | 1 | 3.90 | 6.67 |
| Religion | 0 | 0 | 0 | 0 | 0 | 0.00 | 0 | 0 | 0.00 | 0.00 | |
| Other Science (Computer Science) | 0 | 0 | 0 | 0 | 0 | 0.00 | 0 | 0 | 0.00 | 0.00 | |
| Other Science (Math) | 0 | 0 | 0 | 0 | 0 | 0.00 | 0 | 0 | 0.00 | 0.00 | |
| Social Science | 0 | 0 | 1 | 0 | -5 | 0.00 | 0 | 0 | 0.00 | 0.00 |